000 01453nam a22002417a 4500
999 _c60439
_d60439
003 Ge_BSU
005 20230719103359.0
008 230719s2022ge xxu||||| |||| 00| 0 geo d
020 _a9789941847134
041 _ageo
080 _a008(4) დ-90
100 _aდუმბაძე, ნათელა, ავტორი.
_919419
245 _aევროპული მომავლის იმედით :
_b [ქალთა საერთაშორისო ორგანიზაცია "სოროპტიმისტ ინტერნაციონალი"] /
_cნათელა დუმბაძე ; რედ. ლალი კონცელიძე ; მთარგმ: თამთა თებიძე.
264 _aბათუმი,
_c2022.
300 _a412 გვ. :
_bფოტ. ;
_c 30 სმ.
546 _aთავფურცლის მე-3 გვერდი და ტექსტის ნაწილი ინგლისურ ენაზე.
653 _aევროპული მომავლის იმედით
653 _aWith a hope for European future : [Internatioanal Women's Organization "Soroptimist International"]
700 _aკონცელიძე, ლალი
_e რედაქტორი
_92058
700 _aთებიძე, თამთა
_eმთარგმნელი
_919420
773 _tნაჩუქარი
942 _2udc
_cBK